Sitt nisāʼ wa-sittah rijāl (Record no. 48829)

MARC details
000 -LEADER
fixed length control field 00594cam a22002171 4500
001 - CONTROL NUMBER
control field ne 66000780
003 - CONTROL NUMBER IDENTIFIER
control field DLC
005 - DATE AND TIME OF LATEST TRANSACTION
control field 20260227111822.0
008 - FIXED-LENGTH DATA ELEMENTS--GENERAL INFORMATION
fixed length control field 900507s1965 ua a 000 1 arar
010 ## - LIBRARY OF CONGRESS CONTROL NUMBER
LC control number ne 66000780
025 ## - OVERSEAS ACQUISITION NUMBER
Overseas acquisition number PL480:UAR-6966
035 ## - SYSTEM CONTROL NUMBER
System control number (OCoLC)21489449
040 ## - CATALOGING SOURCE
Original cataloging agency DLC
Transcribing agency WaU
Modifying agency DLC
042 ## - AUTHENTICATION CODE
Authentication code premarc
050 00 - LIBRARY OF CONGRESS CALL NUMBER
Classification number PJ7862.I35
Item number S5
100 1# - MAIN ENTRY--PERSONAL NAME
Personal name Sibāʻī, Yusuf.
245 10 - TITLE STATEMENT
Title Sitt nisāʼ wa-sittah rijāl
Statement of responsibility, etc. [taʼlīf] Yūsuf al-Sibāʻī.
260 ## - PUBLICATION, DISTRIBUTION, ETC.
Place of publication, distribution, etc. Miṣr,
Name of publisher, distributor, etc. Muʼassast al-Khānjī
Date of publication, distribution, etc. [1965]
300 ## - PHYSICAL DESCRIPTION
Extent 198 p.
Other physical details illus.
Dimensions 19 cm.
500 ## - GENERAL NOTE
General note Short stories.

No items available.

Powered by Koha